La conception du temps dans deux romans de claude simon /
Guardado en:
| Autor Principal: | |
|---|---|
| Formato: | Libro |
| Publicado: |
Uppsala :
Almqvist & Wiksell,
1991
|
| Materias: | |
| Etiquetas: |
Agregar Etiqueta
Sin Etiquetas, Sea el primero en etiquetar este registro!
|
| LEADER | 00495nam a22001575a 4500 | ||
|---|---|---|---|
| 001 | EHU.bham009751 | ||
| 003 | AR-BHAM | ||
| 005 | 20080104173831.0 | ||
| 008 | 130507s1991##################000#0#####d | ||
| 082 | 8 | 4 | |a 843.907 |
| 100 | 1 | |a Lindahl, Margot | |
| 245 | 1 | 0 | |a La conception du temps dans deux romans de claude simon / |c Margot Lindahl |
| 260 | |a Uppsala : |b Almqvist & Wiksell, |c 1991 | ||
| 300 | |a 107 p. | ||
| 653 | |a Novela francesa-1901- | ||
| 859 | |a AR-BHAM |b BIB. HUMANIDADES - General |h 843.907 |i L64 |p 311.92 |t Ej.1 | ||
